Friends the Moody Brothers with Jiří Brabec

Bibliographic Details
Other Authors: Brabec, Jiří (Conductor), Country Beat Jiřího Brabce (Actor)
Format: Audio
Language:Czech
PhysicalDescription:elektronický kompaktný disk (CD)
Published: Praha Supraphon 1989
Subjects:

MARC

LEADER 00000njm a2200000 a 4500
001 vtls008681482
003 SK-MaSNL
005 20260302004455.0
007 sd fszgnnmmlud
008 180815s1989 xo nnnn s u cze
020 |c 120.00 
028 2 2 |a 11 0200-2 311 
035 |a MIZKGZ66329 
040 |a SNK  |b slo  |c SNK  |e AACR2 
041 0 |a cze 
044 |a xo  |c SK 
080 |a 784  |2 1981 
245 0 |a Friends  |b the Moody Brothers with Jiří Brabec  |c Jiří Brabec  |h zvukový dokument 
260 |a Praha  |b Supraphon  |c 1989 
300 |a elektronický kompaktný disk (CD) 
650 0 7 |a populárna hudba  |2 MIZKGZ  |9 3428 
655 7 |a kompaktné platne  |2 SNKPH  |9 70690 
655 7 |a kompaktné platne  |2 MIZKGZ  |9 70690 
700 1 |a Brabec, Jiří  |4 cnd  |9 322685 
700 1 |a Country Beat Jiřího Brabce  |4 act  |9 644552 
958 |a OND 
999 |c 995993  |d 997923 
952 |a SNK  |b SNK  |y PREZ  |7 0  |p 17A1067893  |o snkICD 153  |i snkJK 122/90  |0 0  |1 0  |4 0  |d 2013-04-19  |l 0  |r 2026-02-24 12:03:35  |w 2026-02-24